000 00989cam a2200277 a 4500
001 32033
003 BD-RjUL
005 20211209051800.0
008 140423r19961991enk b 001 0 eng d
020 _a0521366259 (hardback)
020 _a0521366941 (pbk.)
035 _a(BD-RjUL) 32122
040 _aDLC
_cDLC
_dDLC
_dBD-RjUL
_beng
041 _aeng
082 0 0 _a335.4
_220
_bCAM 1996
245 0 4 _aThe Cambridge companion to Marx /
_cedited by Terrell Carver.
260 _aCambridge [England] ;
_aNew York :
_bCambridge University Press,
_c1991 [reprinted 1996]
300 _axiii, 357 p. ;
_c24 cm.
504 _aIncludes bibliographical references (p. 339-352) and index.
650 _aMarxian
_9168782
700 1 _aCarver, Terrell.
_997502
856 4 2 _3Publisher description
_uhttp://www.loc.gov/catdir/description/cam024/91000682.html
856 4 1 _3Table of contents
_uhttp://www.loc.gov/catdir/toc/cam025/91000682.html
942 _2ddc
_cBK
999 _c32033
_d32033